00825nam a2200241Ia 4500003000400000005001700004008004100021020001500062040001800077041000800095082002100103100002900124245006400153250001200217260005600229300002900285650003800314650003600352650003600388942003100424999001900455952010900474OSt20251209162348.0210716s1997 xx 000 0 und d a8175151404 cAIMIT LIBRARY aeng a006.37 21bFREW aFreeze, Wayne S.9248533 aProgramming isapi with visual basic 5 /cBy Wayne S Freeze. a1st ed. aNew Delhi :bGalgotia Publications Pvt Ltd ,c1997. axxx,467p. ;bPBc24.1 cm aBasic webmaster functions9248534 aFor advanced users only9248535 aPutting it all together9248536 2ddccBKe1stk006.37 FREW c183307d183307 001040708MCAaAIMITbAIMITd2021-07-16l0o006.37 FREWpMCA02815r2025-07-21 00:00:00w2021-07-16yBK